Lauren Berkowitz (Record no. 588)

MARC details
000 -LEADER
campo de control de longitud fija 00530nam a22001577a 4500
008 - DATOS DE LONGITUD FIJA--INFORMACIÓN GENERAL
campo de control de longitud fija 150515b xxu||||| |||| 00| 0 eng d
020 ## - NÚMERO INTERNACIONAL ESTÁNDAR DEL LIBRO
Número Internacional Estándar del Libro 905704191X
082 ## - NÚMERO DE LA CLASIFICACIÓN DECIMAL DEWEY
Número de clasificación 705
Número de ítem M 559l
100 ## - ENTRADA PRINCIPAL--NOMBRE DE PERSONA
Nombre de persona Merewether, Charles
9 (RLIN) 2639
245 ## - MENCIÓN DEL TÍTULO
Título Lauren Berkowitz
Mención de responsabilidad, etc. Merewether, Charles
260 ## - PUBLICACIÓN, DISTRIBUCIÓN, ETC.
Lugar de publicación, distribución, etc. Australia
Nombre del editor, distribuidor, etc. Kyodo Printing Co. Singapore
Fecha de publicación, distribución, etc. 2001
300 ## - DESCRIPCIÓN FÍSICA
Extensión 60 p.
Otras características físicas ill. (col)
Dimensiones 19.5x23.5
440 ## - MENCIÓN DE SERIE/PUNTO DE ACCESO ADICIONAL--TÍTULO
Título Art n' Australia Monograph 7
9 (RLIN) 2640
650 ## - PUNTO DE ACCESO ADICIONAL DE MATERIA--TÉRMINO DE MATERIA
Subdivisión general Berkowitz,Lauren-1965-
-- Arte moderno
-- S.20
Subdivisión geográfica Australia
9 (RLIN) 2641
700 ## - ENTRADA AGREGADA--NOMBRE PERSONAL
Nombre de persona Charles Merewether
9 (RLIN) 2642
Holdings
Estatus retirado Estado de pérdida Fuente del sistema de clasificación o colocación Estado de daño No para préstamo Biblioteca de origen Biblioteca actual Ubicación en estantería Fecha de adquisición Total de préstamos Signatura topográfica completa Código de barras Visto por última vez Precio de reemplazo Tipo de ítem Koha
    Clasificación Decimal Dewey     Biblioteca LadoV Biblioteca LadoV   15/05/2015   705 M 559l 000615 15/05/2015 15/05/2015 Material 01